| 000 | 00000nam##2200000za#4500 |
| 001 | 9.612950 |
| 003 | CaOODSP |
| 005 | 20211126112846 |
| 007 | ta |
| 008 | 150406|1996||||xxc||||| f|0| 0 eng|d |
| 020 | |a0-662-24417-6 |
| 022 | |a1192-5434 |
| 040 | |aCaOODSP|beng |
| 043 | |an-cn--- |
| 086 | 1 |aFB3-2/96-6E |
| 110 | 2 |aBank of Canada. |
| 245 | 10|aProvincial credit ratings in Canada : |ban ordered probit analysis / |cby Stella Cheung, Financial Markets Department. |
| 260 | |aOttawa - Ontario : |bBank of Canada |c1996. |
| 300 | |a38p. : |bgraphs, references, tables ; |c28 cm. |
| 490 | 1 |aWorking paper|x1192-5434|v96-6 |
| 500 | |a"The author estimates the relationship between the provincial credit ratings, as assessed by Standard & Poor's, and a number of economic variables, using the ordered probit methodology."--Abstract. |
| 520 | 3 |aThe author estimates the relationship between the provincial credit ratings, as assessed by Standard & Poor's, and a number of economic variables, using the ordered probit methodology.--Abstract |
| 546 | |aRésumés en français |
| 563 | |aSoftcover |
| 590 | |a96-18|b1996-05-03 |
| 690 | 07|aEconomy|2gcpds |
| 720 | 1 |aCheung, Stella |
| 776 | 0#|tProvincial credit ratings in Canada : |w(CaOODSP)9.571653 |
| 830 | #0|aWorking paper,|x1192-5434|v96-6|w(CaOODSP)9.514622 |